<?xml version="1.0" encoding="UTF-8"?>
<record
    xmlns:xsi="http://www.w3.org/2001/XMLSchema-instance"
    xsi:schemaLocation="http://www.loc.gov/MARC21/slim http://www.loc.gov/standards/marcxml/schema/MARC21slim.xsd"
    xmlns="http://www.loc.gov/MARC21/slim">

  <leader>02188nam a2200313 a 4500</leader>
  <controlfield tag="003">DO-SdBNP</controlfield>
  <controlfield tag="005">20250210113909.0</controlfield>
  <controlfield tag="007">ta</controlfield>
  <controlfield tag="008">190726s1990 dr            spa d</controlfield>
  <datafield tag="040" ind1=" " ind2=" ">
    <subfield code="a">DO-SdBNP</subfield>
    <subfield code="b">spa</subfield>
    <subfield code="c">BNPHU </subfield>
  </datafield>
  <datafield tag="082" ind1=" " ind2="4">
    <subfield code="a">341.098</subfield>
    <subfield code="b">A696m</subfield>
    <subfield code="2">22</subfield>
  </datafield>
  <datafield tag="100" ind1="1" ind2=" ">
    <subfield code="a">Arias, Luis,</subfield>
    <subfield code="q">(Arias N&#xFA;&#xF1;ez)</subfield>
    <subfield code="9">9356</subfield>
  </datafield>
  <datafield tag="245" ind1="1" ind2="0">
    <subfield code="a">Manual de derecho Internacional p&#xFA;blico Americano / </subfield>
    <subfield code="c">L. Almanzor Gonz&#xE1;lez Canahuate ; versi&#xF3;n Luis Arias N&#xFA;&#xF1;ez. </subfield>
  </datafield>
  <datafield tag="260" ind1=" " ind2=" ">
    <subfield code="a">Santo Domingo :</subfield>
    <subfield code="b">Corripio,</subfield>
    <subfield code="c">1990</subfield>
  </datafield>
  <datafield tag="300" ind1=" " ind2=" ">
    <subfield code="a">283 p. ;</subfield>
    <subfield code="c">23 cm. </subfield>
  </datafield>
  <datafield tag="500" ind1=" " ind2=" ">
    <subfield code="a">Incluye referencias bibliogr&#xE1;ficas y notas al pie de las p&#xE1;ginas </subfield>
  </datafield>
  <datafield tag="505" ind1=" " ind2=" ">
    <subfield code="a">Concepto generales del derecho internacional americano -- El regionalismo internacional -- Conceptos generales de las doctrinas latinoamericanas -- Sistemas doctrinal americano y la no intervenci&#xF3;n -- sistema doctrinal americano y el reconocimiento internacional -- Principios de derecho internacional en el sistema interamericano -- Sistema institucional en Am&#xE9;rica -- La organizaci&#xF3;n de Estados americanos -- El sistema de integraci&#xF3;n en Am&#xE9;rica -- El asilo, concepto del asilo, el asilo exterior o fuera del territorio del pa&#xED;s que lo concede --  Los derechos humanos en el sistema internacional -- Principios de derecho internacional en el sistema interamericano.    </subfield>
  </datafield>
  <datafield tag="562" ind1=" " ind2=" ">
    <subfield code="a">"La versi&#xF3;n original ... de esta obra esta  bajo la responsabilidad y cuidado del Dr. L Almanzor Gonz&#xE1;les Canahuate (Recopilaci&#xF3;n jurisprudencial integrada) ha sido debidamente autorizada por el autor por documento escritos en fecha 1989  Santo Domingo, Rep&#xFA;blica Dominicana. 
</subfield>
  </datafield>
  <datafield tag="590" ind1=" " ind2=" ">
    <subfield code="a">Inventariado, 2020/VM</subfield>
  </datafield>
  <datafield tag="600" ind1="1" ind2="0">
    <subfield code="a">Arias, Luis,</subfield>
    <subfield code="q">(Arias N&#xFA;&#xF1;ez)</subfield>
    <subfield code="9">9356</subfield>
  </datafield>
  <datafield tag="610" ind1=" " ind2="4">
    <subfield code="a">Organizaci&#xF3;n de Estados Americanos</subfield>
    <subfield code="v">Manuales</subfield>
    <subfield code="9">77248</subfield>
  </datafield>
  <datafield tag="650" ind1=" " ind2="4">
    <subfield code="a">Ley internacional</subfield>
    <subfield code="v">Manuales </subfield>
    <subfield code="9">77249</subfield>
  </datafield>
  <datafield tag="650" ind1=" " ind2="4">
    <subfield code="a">Acci&#xF3;n y defensa (Derecho) </subfield>
    <subfield code="v">Teor&#xED;as.</subfield>
    <subfield code="v">Manuales </subfield>
    <subfield code="9">77250</subfield>
  </datafield>
  <datafield tag="650" ind1=" " ind2="4">
    <subfield code="a">Teor&#xED;a del derecho</subfield>
    <subfield code="z">America Latina</subfield>
    <subfield code="v">Manuales</subfield>
    <subfield code="9">77251</subfield>
  </datafield>
  <datafield tag="650" ind1=" " ind2="4">
    <subfield code="a">Derecho comparado.</subfield>
    <subfield code="x">Historia</subfield>
    <subfield code="v">Manuales </subfield>
    <subfield code="9">77252</subfield>
  </datafield>
  <datafield tag="700" ind1="1" ind2=" ">
    <subfield code="a">Gonz&#xE1;lez Canahuate,  L. Almanzor,</subfield>
    <subfield code="b"> </subfield>
    <subfield code="c">Recopilaci&#xF3;n jurisprudencial integrada</subfield>
    <subfield code="d"> </subfield>
    <subfield code="9">77253</subfield>
  </datafield>
  <datafield tag="910" ind1=" " ind2=" ">
    <subfield code="a">VMateo.Validado. Control de calidad. MAA</subfield>
  </datafield>
  <datafield tag="942" ind1=" " ind2=" ">
    <subfield code="2">ddc</subfield>
    <subfield code="c">LBS1</subfield>
  </datafield>
  <datafield tag="952" ind1=" " ind2=" ">
    <subfield code="0">0</subfield>
    <subfield code="1">0</subfield>
    <subfield code="2">ddc</subfield>
    <subfield code="5">1</subfield>
    <subfield code="7">0</subfield>
    <subfield code="8">PD</subfield>
    <subfield code="a">BNPHU</subfield>
    <subfield code="b">BNPHU</subfield>
    <subfield code="c">HD</subfield>
    <subfield code="d">2020-11-16</subfield>
    <subfield code="e">Maritza B&#xE1;ez </subfield>
    <subfield code="o">BNPHU PD 341.098 A696m</subfield>
    <subfield code="p">2020-0488</subfield>
    <subfield code="r">2020-11-16</subfield>
    <subfield code="w">2020-11-16</subfield>
    <subfield code="y">LBS1</subfield>
  </datafield>
  <datafield tag="952" ind1=" " ind2=" ">
    <subfield code="0">0</subfield>
    <subfield code="1">0</subfield>
    <subfield code="2">ddc</subfield>
    <subfield code="5">1</subfield>
    <subfield code="7">0</subfield>
    <subfield code="8">PD</subfield>
    <subfield code="a">BNPHU</subfield>
    <subfield code="b">BNPHU</subfield>
    <subfield code="c">HD</subfield>
    <subfield code="d">2020-11-16</subfield>
    <subfield code="e">Reyes Duluc</subfield>
    <subfield code="o">BNPHU PD 341.098 A696m</subfield>
    <subfield code="p">2020-0489</subfield>
    <subfield code="r">2020-11-16</subfield>
    <subfield code="t">e.2</subfield>
    <subfield code="w">2020-11-16</subfield>
    <subfield code="y">LBS1</subfield>
    <subfield code="z">Perteneci&#xF3; a la biblioteca personal de  la familia Reyes Duluc</subfield>
  </datafield>
  <datafield tag="999" ind1=" " ind2=" ">
    <subfield code="c">48691</subfield>
    <subfield code="d">48691</subfield>
  </datafield>
</record>
